Entrevista a Ricardo Lagos : (Registro nro. 52442)
[ vista simple ]
| 000 -LÍDER | |
|---|---|
| Campo fijo de descripción fija | 00922aab a2200193 i 4500 |
| 001 - NÚMERO DE CONTROL | |
| Campo de control | 768714001 |
| 003 - IDENTIFICADOR DEL NÚMERO DE CONTROL | |
| Campo de control | CO-MdFUSB |
| 005 - FECHA Y HORA DE LA ULTIMA TRANSACCIÓN | |
| control field | 20240423144227.0 |
| 008 - ELEMENTOS DE LONGITUD FIJA -- INFORMACIÓN GENERAL | |
| Campo fijo de descripción fija -- Información general | 240423t2000 ag ||||| |||| 00| 0 spa d |
| 040 ## - FUENTE DE CATALOGACIÓN | |
| Idioma de catalogación | spa |
| Agencia que realiza la transcripción | CO-MdFUSB |
| 041 ## - CÓDIGO DE IDIOMA | |
| Código de idioma para texto/pista de sonido o título separado | spa |
| 100 1# - ASIENTO PRINCIPAL--NOMBRE PERSONAL | |
| Nombre personal | Rey, Víctor |
| Término relacionador | autor |
| 245 10 - TÍTULO | |
| Título | Entrevista a Ricardo Lagos : |
| Subtitulo | el pluralismo religioso y la ley de cultos en Chile |
| Mención de responsabilidad | / Víctor Rey |
| 300 ## - DESCRIPCIÓN FÍSICA | |
| Extensión | Volumen 19, número 1 y 2 (enero - junio, 2000), páginas: 67 - 68 |
| Dimensiones | ; 27 cm |
| 520 ## - NOTA DE RESUMEN, ETC. | |
| Nota de sumario, etc. | Entrevista que fue concedida por Ricardo Lagos, Presidente de Chile, a Víctor Rey, del Departamento de Comunicaciones del CLAI, en una reunión que se realizó en septiembre del año pasado a invitación de la Coordinadora de Organización Evangélicas. |
| 653 ## - TÉRMINO DE INDIZACIÓN - NO CONTROLADO | |
| Término no controlado | Entrevista |
| 773 0# - ASIENTO DE ITEM FUENTE | |
| Título | Iglesia y Misión |
| Biblionumber | 49402 |
| Itemnumber | 59629 |
| Parte(s) relacionada(s) / Volumen., número. (mes año), páginas | Volumen 19, número 1 y 2 (enero - junio, 2000), páginas: 67 - 68 |
| Enumeración y primera página | páginas: 67 |
| 942 ## - TIPO DE MATERIAL (KOHA) | |
| Tipo de Item KOHA | Artículos de Revista |
No hay ítems disponibles.
